<?xml version="1.0" encoding="UTF-8"?>
<record
    xmlns:xsi="http://www.w3.org/2001/XMLSchema-instance"
    xsi:schemaLocation="http://www.loc.gov/MARC21/slim http://www.loc.gov/standards/marcxml/schema/MARC21slim.xsd"
    xmlns="http://www.loc.gov/MARC21/slim">

  <leader>01977cam a2200241 i 4500</leader>
  <controlfield tag="001">1262812</controlfield>
  <controlfield tag="003">OSt</controlfield>
  <controlfield tag="005">20220918175246.0</controlfield>
  <controlfield tag="008">741009s1974    mau           000 0 eng  </controlfield>
  <datafield tag="010" ind1=" " ind2=" ">
    <subfield code="a">   74079804 </subfield>
  </datafield>
  <datafield tag="020" ind1=" " ind2=" ">
    <subfield code="c">$2.50</subfield>
  </datafield>
  <datafield tag="040" ind1=" " ind2=" ">
    <subfield code="a">DLC</subfield>
    <subfield code="c">DLC</subfield>
    <subfield code="d">DLC</subfield>
  </datafield>
  <datafield tag="050" ind1="0" ind2="0">
    <subfield code="a">BX2435</subfield>
    <subfield code="b">.A397 1974</subfield>
  </datafield>
  <datafield tag="082" ind1="0" ind2="0">
    <subfield code="a">248/.894</subfield>
  </datafield>
  <datafield tag="100" ind1="1" ind2=" ">
    <subfield code="a">Alberione, James,</subfield>
    <subfield code="d">1884-1971.</subfield>
    <subfield code="9">48</subfield>
  </datafield>
  <datafield tag="245" ind1="1" ind2="0">
    <subfield code="a">Call to total consecration /</subfield>
    <subfield code="c">James Alberione.</subfield>
  </datafield>
  <datafield tag="260" ind1=" " ind2=" ">
    <subfield code="a">Boston :</subfield>
    <subfield code="b">St. Paul Editions,</subfield>
    <subfield code="c">1974.</subfield>
  </datafield>
  <datafield tag="300" ind1=" " ind2=" ">
    <subfield code="a">94 p. ;</subfield>
    <subfield code="c">19 cm.</subfield>
  </datafield>
  <datafield tag="500" ind1=" " ind2=" ">
    <subfield code="a">NOTA INTRODUTTIVA ALLA EDIZIONE ITALIANA DI RICCARDO DOTTORI. TRA FENOMENOLOGIA E DIALETTICA: PROBLEMA DELLA STORIA NELLA FILOSOFIA TEDESCA CONTEMPORANEA (1943), LIMITI DELLA RAGIONE STORICA (1949), VERITA' NELLE SCIENZE UMANE (1953), DEL CIRCOLO DELL'INTENDERE (1959), NATURA DELLA COSA E LINGUAGGIO DEGLI OGGETTI (1960), INTENDIMENTO E GIOCO, CONTRIBUTO ERMENEUTICO SULLA QUESTIONE DELLA DEMITIZZAZIONE (1961), CONTINUITA' DELLA STORIA E L'ATTIMO DI ESISTENZA (1965), ERMENEUTICA NELLA FILOSOFIA CONTEMPORANEA (1969). DIELTTICA ER ERMENEUTICA: UOMO E LINGUAGGIO (1966), SEMENATICA ED ERMENEUTICA (1968), STORIA DEI CONCETTI COME FILOSOFIA (1970), LINGUAGGIO E COMPRENSIONE(1970), FINO A CHE PUNTO IL LINGUAGGIO PREFORMA IL PENSIERO? (1971), INCAPACITA' DEL COMUNICARE (1972), SOGGETTIVITA' E INTERSOGGETTIVITA' SOGGETTO EPERSONA (1975), FENOMENOLOGIA ERMENEUTICA METAFISICA (1983). ERMENEUTICA EFILOSOFIA PRATICA. ERMENEUTICA E DECOSTRUZIONISMO: TESTO E INTERPRETAZIONE(1985), DISTRUZIONE E DECOSTRUZIONE (1985), TESTO EMINENTE E SUA VERITA' (1986), ERMENEUTICA SULLE TRACCE (1994). ERMENEUTICA NEL DIBATTITO FILOSOFICO CONTEMPORANEO: ERMENEUTICA E STORICISMO, NATURA E METODO, STORIA DELL'UNIVERSO E STORICITA' DELL'UOMO. AUTOINTERPRETAZIONE: AUTOESPOSIZIONE (1975), AUTOCRITICA (1985). BIBLIOGRAFIA. INDICE DEGLI ARGOMENTI.</subfield>
  </datafield>
  <datafield tag="650" ind1=" " ind2="0">
    <subfield code="a">Monastic and religious life.</subfield>
    <subfield code="9">49</subfield>
  </datafield>
  <datafield tag="906" ind1=" " ind2=" ">
    <subfield code="a">7</subfield>
    <subfield code="b">cbc</subfield>
    <subfield code="c">orignew</subfield>
    <subfield code="d">2</subfield>
    <subfield code="e">opcn</subfield>
    <subfield code="f">19</subfield>
    <subfield code="g">y-gencatlg</subfield>
  </datafield>
  <datafield tag="942" ind1=" " ind2=" ">
    <subfield code="2">ddc</subfield>
    <subfield code="c">BK</subfield>
  </datafield>
  <datafield tag="999" ind1=" " ind2=" ">
    <subfield code="c">2</subfield>
    <subfield code="d">2</subfield>
  </datafield>
  <datafield tag="952" ind1=" " ind2=" ">
    <subfield code="0">0</subfield>
    <subfield code="1">0</subfield>
    <subfield code="2">ddc</subfield>
    <subfield code="4">0</subfield>
    <subfield code="6">PROVA_000000000000000_1</subfield>
    <subfield code="7">1</subfield>
    <subfield code="a">PAULUS</subfield>
    <subfield code="b">PAULUS</subfield>
    <subfield code="c">CART</subfield>
    <subfield code="d">2012-03-18</subfield>
    <subfield code="i">prova2</subfield>
    <subfield code="l">0</subfield>
    <subfield code="o">prova 1</subfield>
    <subfield code="r">2012-03-18 00:00:00</subfield>
    <subfield code="t">3</subfield>
    <subfield code="w">2012-03-18</subfield>
    <subfield code="y">BK</subfield>
    <subfield code="z">attenzione l'ho scaricato da internet non &#xE8; in biblio se non dopo controllo</subfield>
  </datafield>
</record>
